Facilitating ESL writing by reading model texts to analyse text structures : the product within the process approach /
Saved in:
| Main Author: | |
|---|---|
| Format: | Thesis Book |
| Language: | English |
| Published: |
1992.
|
| Subjects: | |
| Tags: |
Add Tag
No Tags, Be the first to tag this record!
|
| LEADER | 01268cam a2200289 a 4500 | ||
|---|---|---|---|
| 001 | u329883 | ||
| 003 | SIRSI | ||
| 008 | 920820s1992 my t 00 1 eng m | ||
| 035 | |a ABP-3012 | ||
| 040 | |a UMM | ||
| 043 | |a a-my--- | ||
| 090 | |a LB1579 |b E5Che | ||
| 091 | |a Microfiche 13798 | ||
| 100 | 1 | 0 | |a Chelliah, Easther Nirmala. |
| 245 | 1 | 0 | |a Facilitating ESL writing by reading model texts to analyse text structures : the product within the process approach / |c Easther Nirmala Chelliah. |
| 260 | |c 1992. | ||
| 300 | |a xi, 166 leaves ; |c 29cm. | ||
| 500 | |a Microfiche. Kuala Lumpur : University of Malaya Library, 1998. 2 fiches : negative ; 11 x 15 cm. | ||
| 502 | |a Dissertation (M.Ed.) -- Fakulti Pendidikan, Universiti Malaya, 1993. | ||
| 504 | |a Bibliography: leaves 135-140. | ||
| 650 | 0 | |a English language |x Composition and exercises |x Study and teaching |z Malaysia. | |
| 710 | 2 | 0 | |a Universiti Malaya. |b Fakulti Pendidikan. |
| 948 | |a 09/08/1993 |b 29/07/2002 | ||
| 596 | |a 1 8 | ||
| 999 | |a LB1579 E5CHE |w LC |c 1 |i A011285602 |d 19/12/2011 |e 19/12/2011 |l STACKS |m P01UTAMA |n 21 |r Y |s Y |t TESIS |u 9/8/1993 | ||
| 999 | |a LB1579 E5CHE |w LC |c 1 |i A506694322 |l STACKS |m P08PENDIDI |r Y |s Y |t TESIS |u 11/11/1997 | ||
| 999 | |a LB1579 E5CHE |w LC |c 2 |i A506702223 |l STACKS |m P08PENDIDI |r Y |s Y |t TESIS |u 8/1/1998 | ||
